Remansos (Record no. 123895)

MARC details
000 -LEADER
campo de control de longitud fija 00568nam a2200181 4500
001 - NÚMERO DE CONTROL
campo de control 123895
003 - IDENTIFICADOR DE NÚMERO DE CONTROL
campo de control ES-MaACL
005 - FECHA Y HORA DE LA ÚLTIMA TRANSACCIÓN
campo de control 20231228171731.0
007 - CAMPO FIJO DE DESCRIPCIÓN FÍSICA--INFORMACIÓN GENERAL
campo de control de longitud fija t|
008 - DATOS DE LONGITUD FIJA--INFORMACIÓN GENERAL
campo de control de longitud fija 070214q1945 sp r ||||1| spa d
100 1# - ENTRADA PRINCIPAL--NOMBRE DE PERSONA
Nombre de persona Ramírez Escudero, Manuel.
9 (RLIN) 95146
245 10 - MENCIÓN DEL TÍTULO
Título Remansos
Resto del título : (poesías) /
Mención de responsabilidad, etc. Manuel Ramírez Escudero ; prólogo de Pedro Mourlane Michelena.
260 ## - PUBLICACIÓN, DISTRIBUCIÓN, ETC.
Lugar de publicación, distribución, etc. Bilbao :
Nombre del editor, distribuidor, etc. Grijelmo,
Fecha de publicación, distribución, etc. [1945?]
300 ## - DESCRIPCIÓN FÍSICA
Extensión 218 p. ;
Dimensiones 18 cm.
700 1# - ENTRADA AGREGADA--NOMBRE PERSONAL
Nombre de persona Mourlane Michelena, Pedro
9 (RLIN) 83905
852 ## - LOCALIZACIÓN
Ubicación ES-MaACL
Número de control de estantería B-10337
Sublocalización o colección R.22232
Holdings
Estatus retirado Estado de pérdida Estado de daño No para préstamo Biblioteca de origen Biblioteca actual Ubicación en estantería Fecha de adquisición Fuente de adquisición Total de préstamos Signatura topográfica completa Código de barras Visto por última vez Precio de reemplazo Tipo de ítem Koha
        Biblioteca del Ateneo de Madrid Biblioteca del Ateneo de Madrid Sala Pardo Bazán 17/01/2008     B-10337 1129083 23/02/2023 23/02/2023 Libro impreso